| 000 | 00427nam a2200169 a 4500 | ||
|---|---|---|---|
| 001 | 0000-8845 | ||
| 003 | ELIB.Books | ||
| 008 | 110520 1986 | ||
| 035 | _a(ELIB.Books)0000-8991 | ||
| 082 |
_a266 _bNea |
||
| 100 | _aNeame, Alan | ||
| 245 | _aThrough the Gospel with Dom Helder Camera | ||
| 260 |
_bMaryknoll: Orbis Books _c1986 |
||
| 650 | _aMission | ||
| 942 |
_2ddc _cBK |
||
| 998 |
_cbat _e2011-05-20 |
||
| 999 |
_c8845 _d8845 |
||